00636nam a2200181 i 4500001000700000003000900007005001700016007000300033008004100036020001800077100002500095245009700120260004200217300002100259852003300280999001900313952012200332145577ES-MaACL20230906201248.0t|071015s1976 fr ||||1| fre d a2-02-004508-71 aVeyne, Paul.911423812aL'inventaire des différences b: leçon inaugurale au Collège de France / cPaul Veyne. aParis : bEditions du Seuil, c[1976] a61 p. ; c21 cm. aES-MaACLjL-11136 bR.112781 c145577d145577 00104070aATENEOMbATENEOMcDEPO2d2008-01-17eSCl0oL-11136p1151959r2023-02-23 00:00:00w2023-02-23yMONOGRAFIA